000 00325nam a2200109Ia 4500
008 160531s9999 xx 000 0 und d
100 _aSchopenhauer, Arthur.
245 _aStudies in Pessimism
245 _cby Arthur Schopenhauer
260 _c2012
856 _uhttps://ebooks.adelaide.edu.au/s/schopenhauer/arthur/pessimism/
999 _c295169
_d295169